| 000 | 00635nam a2200205 i 4500 | ||
|---|---|---|---|
| 001 | 33969 | ||
| 003 | ES-MaACL | ||
| 005 | 20251017063044.0 | ||
| 007 | t| | ||
| 008 | 030203s1904 ve ||||1| spa d | ||
| 080 | _a987"1810/23" | ||
| 100 | 1 |
_aBlanco, Eduardo, _d1839-1912 _9149147 |
|
| 245 | 1 | 0 |
_aVenezuela heroica _b: cuadros históricos / _cEduardo Blanco. |
| 250 | _a5ª ed. | ||
| 260 |
_aCaracas : _b[s.n.], _c1904 ( _fImprenta Bolivar) |
||
| 300 |
_aXX, 436 p. ; _c21 cm. |
||
| 651 | 4 |
_aVenezuela- _xHistoria- _y1810-1823, Guerra de la Independencia. _9148949 |
|
| 852 |
_aES-MaACL _jG-7830 |
||
| 999 |
_c33969 _d33969 |
||